Quizzes
Events
Quiz Creation
Community
Videos
Private Events
Remove Ads
Sign In
Join for FREE
Feedback
Dark Mode
Quiz Categories
Sports
Geography
Music
Movies
Television
Just For Fun
Miscellaneous
History
Literature
Language
Science
Gaming
Entertainment
Religion
Holiday
For Kids
Quiz Lab
Recent
Popular Today
Quiz Kudos Today
Editor Picks
Curator Picks
Quizzes by...
Day
Popularity
Type
Ratings
Length
Year
Community
Subscriptions
Recent Discussions
Orange Saloon
Badges
Playlists
Quests
Create
Leaderboards
Showdown
Live 5
Trivia Bingo
Activity
Puzzle Library
Sporcle Events
Private Events
Virtual Trivia
Globe League
Become a Host
Pub Owners
SporcleCon
Opinionation
Our Games
Videos
Blog
Mobile Apps
Partnerships
Remove Ads and Go Orange
Feedback
Language
Vocabulary
Begins and Ends
Definition
Spanish
French
German
Italian
Chinese
Latin
Translation
Japanese
Language
Vocabulary
Begins and Ends
Definition
Spanish
French
German
Italian
Chinese
Latin
Translation
Japanese
Random Quiz
Search Sporcle
×
Quiz Lab
Quiz Lab
Language
Ending
Type in answers that appear in a list
Type in answers that appear in a list
Classic
Best Score? Go Orange.
Ends in Tus Stats
Can you name the words ending in Tus?
By
teggers
5m
27 Questions
26 Plays
26 Plays
26 Plays
Comments
Comments
Give Quiz Kudos
Give Quiz Kudos
-
- Ratings
hide this ad
Replay
Link that replays current quiz
Next Quiz
Link to next quiz in quiz playlist
You Got
0%
They Got
Avg Score
41%
Avg Friend Score
Upgrade to see
Score Distribution
Jump to the score distribution portion of the page
Score
0/27
Timer
05:00
0
Plays Today
Clue
Word
% Correct
British luxury car manufacturer or famous Asian water flower
Lotus
92.3%
Homo...
Erectus
69.2%
The embryonic stages of an unborn offspring
Fetus
65.4%
Not having been defeated or Damon-
Freeman 2009 film
Invictus
61.5%
Sexual intercourse
Coitus
61.5%
Desert plant characterized by thick spines native to the Americas
Cactus
61.5%
Roman emperor or Shakespeare's play _
_
_
_
_
_
Andronicus
Titus
53.8%
Another name for Popeye's Bluto
Brutus
53.8%
The standing of something or someone
Status
50%
The former holder of an office who can retain the title as an honor
Emeritus
46.2%
Device or mechanism
Apparatus
42.3%
Tall tree grown worldwide and widely found in Australia
Eucalyptus
42.3%
Ringing or buzzing in the ears
Tinnitus
42.3%
Famous Italian soccer team based in Turin
Juventus
38.5%
Clue
Word
% Correct
Latin for site and term used in law today as lex....
Situs
38.5%
A pause, break, or gap in a sequence, series, or process
Hiatus
38.5%
Sicilian Christian saint and cathedral in Prague
Vitus
34.6%
Clouds that produce rain if it is warm or snow if it is cold
Stratus
34.6%
The force or energy with which the body moves
Impetus
34.6%
God of blacksmiths, artisans, etc. in Greek mythology, son of Zeus
Hephaestus
30.8%
Large artificial harbor/
port in Ancient Rome
Portus
19.2%
Pre-
Olympian sea-
god son of Gaia and Greek primordial deity
Pontus
19.2%
Saturn's third largest moon
Iapetus
19.2%
_
_
_
_
_
_
_
abdominis, the long flat muscles of the abdomen
Rectus
19.2%
A fixed grimace or grin
Rictus
19.2%
Famous 19th century Carrara marble statue of the resurrected Jesus
Christus
15.4%
A passage or opening leading to the interior of the body
Meatus
11.5%
Quiz Playlist
Details
Report
Send in Message
Add To Playlist
Classic:
Type in answers that appear in a list
Last Updated: Feb 16, 2017
Quiz Scoreboard
CHALLENGE
Sign Up to Join the Scoreboard
Show All
Scores
Hide
Comments
May contain spoilers
Recently Published
One Thing in Common: World Cities II
by knightlancer
Geography
7m
Popular People in 1961
by mucciniale
History
6m
1-10 Letter E Words III
by El_Dandy
Language
2m
More to Explore
Quiz From the Vault
Featured Blog Post
Where Did the Easter Bunny Come From?
hide this ad
You Might Also Like...
Tags
end
Ending
Today's Top Quizzes in Language
Browse Language
hide this ad
Today's Top Quizzes in Ending
Browse Ending
Top Contributed Quizzes in Language
1
Order Up: Top 10 Most Native Spoken Languages
2
1-10 Letter F Words III
3
1-10 Letter G Words III
4
Hiragana Speed Reading
5
1-10 Letter H Words III
6
Vocabulary 5
7
One Thing in Common: Italy
8
1-10 Letter I Words III
9
Begins and Ends With AN
10
1-10 Letter J Words III
Explore More
Trending Topics
Kpop
Disney
Anime
NBA
Harry Potter
Marvel
Crossword
The Office
NFL
Puzzle
Pokémon
Soccer
Country
Song
WWE
hide this ad
More By:
teggers
Quiz
Plays
Rating
Category
Featured
Created
Most Visited European Countries
121,122
3.70
Geography
Dec 12, 2015
Most Visited Asian Countries
87,670
4.40
Geography
Dec 12, 2015
Most Visited American Countries
82,841
4.65
Geography
Dec 13, 2015
Cucumber Producing Countries
57,904
4.58
Geography
Jul 12, 2013
Top 10 Richest Countries in North America
48,489
4.20
Geography
Apr 1, 2013
Go to Creator's Profile
Score Distribution
Quiz Creator Spotlight
teggers
Follow
Send a Message
Quizzes Created
-
Created Quiz Play Count
-
More By This Creator
Popular Quizzes Today
1
Find the US States - No Outlines Minefield
2
The Countries of the World
3
Popular People in 1961
4
Find the Countries of Europe - No Outlines Minefield
5
1-10 Letter E Words III
6
Find the US States
7
One Thing in Common: World Cities II
8
US States
More Language Quizzes
Word Wheels X
Published
Trending Quizzes
1-10 Letter F Words
1-10 Letter G Words
Risky Map Clicking: Next State Alphabetically
1-10 Letter F Words II
Risky Map Clicking: States by Unique Starting Letters
Recently Updated
Leaping Animals
pecheneg
Reality TV Shows (A-Z)
bhenderson79
Rickey Henderson's Hall of Fame Teammates
pecheneg
Champions League XIs: Arsenal
pecheneg
Quick Pick: Celebrities in WWE's Hall of Fame
aduchscher
A-Z Keypad Blitz II
pecheneg
Multiple Oscar Actors
pecheneg
Mystery Phrase Blitz: Oscar 'Best Actors'
pecheneg
F. Scott Fitzgerald Novels
LTH
Pick 3 Villains
ddd62291
Trending Topics
Marvel
NBA
Disney
Harry Potter
Kpop
Anime
Crossword
Country
Soccer
Pokémon
Song
NFL
WWE
The Office
Puzzle
Your Account Isn't Verified!
In order to create a playlist on Sporcle, you need to verify the email address you used during registration. Go to your
Sporcle Settings
to finish the process.
Report this User
Report this user for behavior that violates our
Community Guidelines
.
Details:
Send Report
Go to the Sporcle.com Mobile Site →
Comments